| 000 | 00794cam a2200217 i 4500 | ||
|---|---|---|---|
| 999 |
_c57942 _d57942 |
||
| 001 | 18570304 | ||
| 005 | 20221111101431.0 | ||
| 008 | 150409s2015 enk b 001 0 eng | ||
| 020 | _a9781107118744x | ||
| 080 | _a327(4) L-52 | ||
| 100 | 1 |
_aLelieveldt, Herman _d _911055 |
|
| 245 | 1 | 4 |
_aThe politics of the European Union / _cHerman Lelieveldt and Sebastiaan Princen. |
| 250 | _aSecond edition. | ||
| 264 | 1 |
_aCambridge, United Kingdom : _bCambridge University Press, _c2015. |
|
| 300 |
_a315 pages ; _c26 cm. |
||
| 653 | _aThe Politics of the European Union | ||
| 653 | _aევროკავშირის პოლიტიკა | ||
| 653 | _aПолитика Европейского Союза | ||
| 700 | 1 |
_aPrincen, Sebastiaan. _911060 _eავტორი |
|
| 942 |
_2udc _cBK |
||